• 首页
  • 本馆介绍
  • 公告通知
  • 最新文献
  • 馆藏检索
  • 电子资源
  • 读者导购
  • 参考咨询
  • 我的图书馆
  • 登录
  • 详细信息显示
  • 放入我的书架
  • 预约/预借图书
  • 作者相关作品
  • 分类相关作品
  • 丛书相关作品
  • 出版社相关作品

书目信息

  • 表格格式
  • 工作单格式
  • 卡片格式
题名:
中国历代名人辞典
    
 
作者: ;南京大学历史系《中国历代名人辞典》编写组 编
分册:  
出版信息: 南昌   江西人民出版社  1982
页数: 668页
开本: 21cm
丛书名:
单 册:
中图分类: K82-61 , K-61
科图分类:
主题词: 名人--中国--词典 , 历史 , 地理
电子资源:
ISBN:
000 00812nam0 2200265 45
001 1536786410
005 20150129101408.64
010    @dCNY4.33(精装¥5.10)
091    @aCN@b17110.26
100    @a19950613d1982 emky0chiy0121 ea
101 0  @achi
102    @aCN@b360000
105    @ay e 000yy
200 10 @a中国历代名人辞典@Azhong guo li dai ming ren ci dian@f南京大学历史系《中国历代名人辞典》编写组编
210    @a南昌@c江西人民出版社@d1982
215    @a668页@d21cm
606    @a名人@y中国@x词典
606 0  @a历史
606 0  @a地理
690    @aK82-61@v3
690    @aK-61@v4
711 02 @a南京大学历史系《中国历代名人辞典》编写组@Anan jing da xue li shi xi《 zhong guo li dai ming ren ci dian》 bian xie zu@4编
801  0 @aCN@bTSSF@c20150129
801  2 @aCN@bNLC
905    @aZUCC@dK-61@eJY34
    
    中国历代名人辞典/南京大学历史系《中国历代名人辞典》编写组编.-南昌:江西人民出版社,1982
    668页;21cm
    
    
    ISBN :CNY4.33(精装¥5.10)
    
●
相关链接 在E读中查询图书 在五车中查询图书 在当当中查询图书 在豆瓣中查询图书


正题名:中国历代名人辞典     索取号:K-61/JY34         预约/预借

序号 登录号 条形码 馆藏地/架位号 状态 备注
1 7863677   278636772   学院路分馆/ [索取号:K-61/JY34] 在馆    
2 7863678   278636781   学院路分馆/ [索取号:K-61/JY34] 在馆    
唐山师范学院图书馆 欢迎您!
大连网信软件有限公司© 版权所有